Fast Typing - Months of the Year - Statistics

General Stats
  • This quiz has been taken 3,082 times
    3,071 since last reset
  • The average score is 8 of 12
Answer Stats
Hint Answer % Correct
1 January
92%
3 March
86%
6 June
83%
5 May
83%
4 April
82%
2 February
79%
7 July
79%
8 August
67%
9 September
51%
10 October
39%
11 November
31%
12 December
26%
No matching quizzes found
Score Distribution
Percent of People with Each Score
Percentile by Number Answered
Your Score History
You have not taken this quiz since the last reset